Shhh! (Registo nº 978)

Detalhes MARC
000 -Etiqueta do registo
Cabeçalho 00749nam a2200289 4500
005 - Identificador da versão
Campo de controlo 20240822164625.0
010 ## - Número internacional normalizado dos livros (ISBN)
Número (ISBN) 9727930603
021 ## - Número do Depósito Legal
Código do país PT
035 ## - Other System Control Numbers
System Control Number 0001043
System Control Number 0001026
100 ## - Dados gerais de processamento
Dados gerais de processamento 20070628d2006 d y0pory5003 ba
101 1# - Língua de publicação
Língua do texto, banda sonora, etc. Português
Língua do documento no original Inglês
102 ## - Pais de publicação ou produção
País de publicação Portugal
105 ## - Campo de dados codificados: livros
Dados codificados dos livros a z 000fy
106 ## - Campo de dados codificados: material textual
Dados codificados do material textual r
200 1# - Titulo e menção de responsabilidade
Título próprio Shhh!
Primeira menção de responsabilidade Julie Sykes
Outras menções de responsabilidade il. Tim Warnes
-- trad. Pedro Costa
210 ## - Publicação, Distribuição, etc. 
Lugar da edição, distribuição, etc. Lisboa
Nome do editor, distribuidor, etc. Minutos de leitura
Data da publicação, distribuição, etc. 2006
215 ## - Descrição física 
Indicação específica da natureza do documento e extensão da espécie 7 f. desdobr.
Outras indicações físicas il.
225 2# - Colecção 
Título próprio da colecção Uma história animada
675 ## - Classificação Decimal Universal (CDU)
Notação 087.5
Edição BN
Língua da edição por
Edição BN
Língua da edição por
700 #0 - Nome de autor-pessoa física (responsabilidade principal)
Número de registo de entrada de autoridade 0001306
Palavra de ordem Sykes
Outra parte do nome não tomada para palavra de ordem Julie
701 #1 - Nome de autor-pessoa física (co-responsabilidade principal)
Palavra de ordem Warnes
Outra parte do nome não tomada para palavra de ordem Tim
Código de função Ilustrador / Técnico de desenho computorizado
702 #1 - Nome de autor-pessoa física (responsabilidade secundária)
Número de registo de entrada de autoridade 0001308
Palavra de ordem Costa
Outra parte do nome não tomada para palavra de ordem Pedro
Número de registo de entrada de autoridade 0001309
Palavra de ordem Honrado
Outra parte do nome não tomada para palavra de ordem Alexandre
Código de função Tradutor
942 ## - Elementos de entrada adicionados (Koha)
Tipo de item no Koha Livro
Exemplares
Situação do levantamento Origin of item (home branch) (coded) Biblioteca de empréstimo Código de barras Cota Circulation type (not for loan) Tipo de documento Nota do exemplar Damaged status
  Biblioteca Escolar Eng. Nuno Mergulhão Biblioteca Escolar Eng. Nuno Mergulhão BENM1729 8EST SYK   Livro Sem mensagem